| 000 | 00662cam a2200241 4500 | ||
|---|---|---|---|
| 008 | 090401t1991 xxu||||| |||| 00| 0 eng d | ||
| 020 | _a0273034162 | ||
| 035 | _a(Sirsi) u76582 | ||
| 041 | _aeng | ||
| 050 | _a658.4032 | ||
| 100 | _aLockyer, Keith | ||
| 245 | _aCritical path analysis and other project network techniques. | ||
| 250 | _a5th ed. | ||
| 260 |
_aLondon _bPitman _c1991 |
||
| 300 | _axii,244p. ; 24cm. | ||
| 350 | _a19.99 | ||
| 650 | _aCRITICAL PATH ANALYSIS | ||
| 650 | _aPROJECT NETWORK TECHNIQUES | ||
| 690 | _aMANAGEMENT-BUSINESS MANAGEMENT-PROFESSIONAL PRACTICE | ||
| 700 | _aGordon, James | ||
| 942 | _n0 | ||
| 948 | _c04/03/1997 | ||
| 999 |
_c96209 _d96209 |
||